| 000 | 01267cam a2200301 a 4500 | ||
|---|---|---|---|
| 001 | 4870752 | ||
| 005 | 19930930083848.6 | ||
| 008 | 921104s1993 nyu 000 1 eng | ||
| 010 | _a92041012 | ||
| 020 |
_a0679409483 _c$25.00 |
||
| 040 |
_aDLC _cDLC _dDLC _dOCoLC |
||
| 043 |
_ae-uk-en _af-ua--- |
||
| 050 | 0 | 0 |
_aPR6069.O78 _bI5 1993 |
| 082 | 0 | 0 |
_a823.914 _220 _bSOU |
| 100 | 1 |
_aSoueif, Ahdaf. _95095 |
|
| 245 | 1 | 0 |
_aIn The Eye of the Sun / _cAhdaf Soueif. |
| 250 | _a1st American ed. | ||
| 260 |
_aNew York : _bPantheon Books, _c[1993], c1992. |
||
| 300 |
_a791 p. ; _c25 cm. |
||
| 500 | _a"Originally published in Great Britain by Bloomsbury Publishing Ltd., London in 1992"--T.p. verso. | ||
| 650 | 0 |
_aEgyptians _zEngland _xFiction. _95096 |
|
| 651 | 0 |
_aEgypt _xFiction. _95097 |
|
| 651 | 0 |
_aEngland _xFiction. _95098 |
|
| 655 | 7 |
_aHistorical fiction. _2gsafd _95099 |
|
| 942 |
_2ddc _cBB |
||
| 999 |
_c11609 _d11609 |
||